[Event "HUN-chT2 Charousek 1819"]
[Site "Hungary"]
[Date "2019.02.24"]
[Round "8.4"]
[White "Gombocz, Ferenc Jr"]
[Black "Volosin, Vladimir"]
[Result "1-0"]
[WhiteElo "2295"]
[BlackElo "2210"]
[PlyCount "91"]
[EventDate "2018.09.23"]
[EventType "team-tourn"]
[EventRounds "11"]
[EventCountry "HUN"]
[SourceTitle "CBM 189 Extra"]
[Source "ChessBase"]
[SourceDate "2019.06.03"]
[SourceVersion "1"]
[SourceVersionDate "2019.06.03"]
[SourceQuality "1"]
[WhiteTeam "Balatonfuered"]
[BlackTeam "Szentgotthard Alsoszolnok"]
[WhiteTeamCountry "HUN"]
[BlackTeamCountry "HUN"]

1. c4 e6 2. g3 d5 3. Bg2 Nf6 4. Nf3 Be7 5. 0-0 0-0 6. b3 c5 7. Bb2 Nc6 8. e3 d4 9. exd4 cxd4 10. Re1 Qb6 11. d3 Bd6 12. a3 a5 13. Nbd2 e5 14. Rc1 Re8 15. Ng5 Bc5 16. Nde4 Nxe4 17. Nxe4 Bf5 18. Rb1 Bg6 19. g4 h6 20. Bc1 Be7 21. Qc2 Rf8 22. c5 Qd8 23. b4 axb4 24. axb4 b5 25. Ng3 Qc7 26. Nf5 Bxf5 27. gxf5 Bf6 28. Bd2 Ra4 29. Be4 Rfa8 30. Qc1 Kh7 31. Kh1 Re8 32. Rg1 Ra2 33. Rg3 Ne7 34. Rh3 Ng8 35. Bd5 Ra7 36. Rg3 Rd8 37. Be4 Re8 38. Ra1 Re7 39. Rg1 Rxa1 40. Qxa1 Qa7 41. Qa5 Qb8 42. Ra1 g6 43. Qb6 Qc8 44. Ra8 Qc7 45. fxg6+ fxg6 46. Bd5 1-0

[Event "HUN-chT2 Charousek 1819"]
[Site "Hungary"]
[Date "2018.09.23"]
[Round "1.5"]
[White "Volosin, Vladimir"]
[Black "Csati, Oliver"]
[Result "1/2-1/2"]
[WhiteElo "2210"]
[BlackElo "2214"]
[PlyCount "29"]
[EventDate "2018.09.23"]
[EventType "team-tourn"]
[EventRounds "11"]
[EventCountry "HUN"]
[SourceTitle "CBM 189 Extra"]
[Source "ChessBase"]
[SourceDate "2019.06.03"]
[SourceVersion "1"]
[SourceVersionDate "2019.06.03"]
[SourceQuality "1"]
[WhiteTeam "Szentgotthard Alsoszolnok"]
[BlackTeam "Budapest HASE"]
[WhiteTeamCountry "HUN"]
[BlackTeamCountry "HUN"]

1. c4 Nf6 2. Nc3 g6 3. e4 d6 4. g3 Bg7 5. Bg2 0-0 6. Nge2 c5 7. 0-0 Nc6 8. h3 Rb8 9. d3 a6 10. f4 Bd7 11. a4 Ne8 12. Be3 Nc7 13. d4 cxd4 14. Nxd4 Ne6 15. Nde2 1/2-1/2

[Event "Satu Mare Szabo Memorial"]
[Site "Satu Mare"]
[Date "2018.07.28"]
[Round "6"]
[White "Volosin, Vladimir"]
[Black "Martinovici, Ilie"]
[Result "0-1"]
[WhiteElo "2286"]
[BlackElo "2360"]
[PlyCount "62"]
[EventDate "2018.07.24"]
[EventType "swiss"]
[EventRounds "9"]
[EventCountry "ROU"]
[SourceTitle "CBM 185 Extra"]
[Source "ChessBase"]
[SourceDate "2018.07.29"]
[SourceVersion "1"]
[SourceVersionDate "2018.07.29"]
[SourceQuality "1"]

1. c4 Nf6 2. Nc3 e5 3. g3 Bb4 4. Bg2 0-0 5. Nf3 Bxc3 6. bxc3 Re8 7. 0-0 d6 8. d4 Nc6 9. a4 e4 10. Nd2 Na5 11. Ba3 e3 12. fxe3 Ng4 13. e4 Ne3 14. Qb1 Nxf1 15. Qxf1 Be6 16. e3 Qg5 17. Qd3 Qh5 18. c5 dxc5 19. Bxc5 Rad8 20. Qb5 b6 21. Bb4 Qh6 22. Qe2 Nc6 23. Ba3 Bh3 24. Bf3 Qg5 25. Bb2 Ne7 26. c4 c5 27. Qf2 Ng6 28. e5 cxd4 29. exd4 Nxe5 30. Bd5 Rxd5 31. Ne4 Qg4 0-1

[Event "HUN-chT2 Charousek 1718"]
[Site "Hungary"]
[Date "2017.11.26"]
[Round "2.4"]
[White "Volosin, Vladimir"]
[Black "Czupor, Attila"]
[Result "1-0"]
[WhiteElo "2295"]
[BlackElo "2202"]
[PlyCount "91"]
[EventDate "2017.10.29"]
[EventType "team-tourn"]
[EventRounds "9"]
[EventCountry "HUN"]
[SourceTitle "EXT 2020"]
[Source "ChessBase"]
[SourceDate "2019.10.17"]
[SourceVersion "1"]
[SourceVersionDate "2019.10.17"]
[SourceQuality "1"]
[WhiteTeam "Szentgotthard Alsoszolnok"]
[BlackTeam "Haladas Szombathely II"]
[WhiteTeamCountry "HUN"]
[BlackTeamCountry "HUN"]

1. c4 e6 2. Nc3 Nf6 3. e4 e5 4. d3 c5 5. g3 Nc6 6. Bg2 d6 7. h3 g6 8. Nge2 Bg7 9. 0-0 0-0 10. Be3 Nd4 11. Kh2 a6 12. f4 Bg4 13. Qd2 Bxe2 14. Nxe2 Nd7 15. f5 f6 16. h4 Nxe2 17. Qxe2 g5 18. Qd2 h6 19. b4 b6 20. Bf3 Kf7 21. Rfb1 Qc7 22. Rb2 a5 23. bxa5 Rxa5 24. a4 Rfa8 25. Bd1 Qd8 26. Rab1 Rb8 27. Qe2 Ke7 28. Bd2 Raa8 29. Rb5 Kf8 30. Kh3 Ke7 31. Qh5 Qe8 32. Kg4 Qg8 33. Kh3 Qf7 34. Qxf7+ Kxf7 35. Kg4 Bf8 36. Kh5 Be7 37. a5 bxa5 38. Ba4 Rxb5 39. Rxb5 Nb8 40. Rxa5 Rxa5 41. Bxa5 Na6 42. Kxh6 Nb4 43. Bxb4 cxb4 44. Bb3 gxh4 45. gxh4 Bf8+ 46. Kh7 1-0

[Event "HUN-chT2 Maroczy 1516"]
[Site "Hungary"]
[Date "2015.12.06"]
[Round "4.6"]
[White "Volosin, Vladimir"]
[Black "Kokeny, Norbert Adrian"]
[Result "0-1"]
[WhiteElo "2279"]
[BlackElo "2091"]
[PlyCount "152"]
[EventDate "2015.10.18"]
[EventType "team-tourn"]
[EventRounds "9"]
[EventCountry "HUN"]
[SourceTitle "CBM 170 Extra"]
[Source "ChessBase"]
[SourceDate "2016.02.25"]
[SourceVersion "1"]
[SourceVersionDate "2016.02.25"]
[SourceQuality "1"]
[WhiteTeam "Toth Laszlo"]
[BlackTeam "Dunaharaszti II"]
[WhiteTeamCountry "HUN"]
[BlackTeamCountry "HUN"]

1. c4 c5 2. Nc3 Nc6 3. g3 g6 4. Bg2 Bg7 5. e4 d6 6. Nge2 e5 7. d3 Nge7 8. Be3 a6 9. 0-0 0-0 10. h3 Rb8 11. Qd2 b5 12. f4 Be6 13. cxb5 axb5 14. f5 b4 15. Nd1 gxf5 16. exf5 Bxf5 17. Bxc6 Bxh3 18. Bg2 Bxg2 19. Kxg2 Qd7 20. Bh6 Bxh6 21. Qxh6 Qg4 22. Rf2 Qg6 23. Qxg6+ hxg6 24. Ne3 f5 25. Nc4 Rfd8 26. g4 f4 27. Kf3 Kf7 28. Rh2 Ke6 29. Rh7 Rh8 30. Rah1 Rxh7 31. Rxh7 Ra8 32. Nc1 Ra7 33. b3 Ra6 34. Rh8 Nd5 35. Rg8 Kf7 36. Rb8 Ke6 37. Re8+ Kf7 38. Rb8 Ke6 39. Rb7 Kf6 40. Nd2 Nc3 41. Ne4+ Nxe4 42. dxe4 g5 43. Rh7 Ra3 44. Rh6+ Ke7 45. Rh2 Ke6 46. Rc2 Ra8 47. Nd3 Rh8 48. Nf2 Kd7 49. Rd2 Ke6 50. Ke2 Rh2 51. Kd3 Rg2 52. Kc4 Rg3 53. Kb5 Kd7 54. Kb6 Rg2 55. Kb7 Rh2 56. Kb6 Rg2 57. Kb5 Rg3 58. Nd3 Kc7 59. Nb2 Rxg4 60. Nc4 f3 61. Nxd6 Rf4 62. Ne8+ Kc8 63. Rf2 g4 64. Nd6+ Kd7 65. Nc4 Ke6 66. Nd2 Kf6 67. Kxc5 Kg5 68. Kc4 Rf8 69. Kxb4 Kf4 70. Kc3 Ke3 71. Rh2 g3 72. Nf1+ Kf4 73. Rh4+ Kg5 74. Rh1 g2 75. Rg1 Kf4 76. Kd2 Kxe4 0-1

[Event "HUN-chT2 Maroczy 1516"]
[Site "Hungary"]
[Date "2015.10.18"]
[Round "1.6"]
[White "Sinkovics, Peter"]
[Black "Volosin, Vladimir"]
[Result "1/2-1/2"]
[WhiteElo "2259"]
[BlackElo "2279"]
[PlyCount "25"]
[EventDate "2015.10.18"]
[EventType "team-tourn"]
[EventRounds "9"]
[EventCountry "HUN"]
[SourceTitle "CBM 170 Extra"]
[Source "ChessBase"]
[SourceDate "2016.02.25"]
[SourceVersion "1"]
[SourceVersionDate "2016.02.25"]
[SourceQuality "1"]
[WhiteTeam "Magyar Sakkvilag"]
[BlackTeam "Toth Laszlo"]
[WhiteTeamCountry "HUN"]
[BlackTeamCountry "HUN"]

1. d4 Nf6 2. c4 e6 3. Nf3 b6 4. e3 Bb7 5. Bd3 Bb4+ 6. Nbd2 Ne4 7. 0-0 f5 8. Qc2 Nxd2 9. Bxd2 Bxf3 10. gxf3 Qg5+ 11. Kh1 Qh5 12. Bxb4 Qxf3+ 13. Kg1 1/2-1/2

[Event "HUN-chT2 Toth 1415"]
[Site "Hungary"]
[Date "2015.04.26"]
[Round "11.1"]
[White "Volosin, Vladimir"]
[Black "Samu, Gabor Jr"]
[Result "1/2-1/2"]
[WhiteElo "2256"]
[BlackElo "2013"]
[PlyCount "31"]
[EventDate "2014.09.07"]
[EventType "team-tourn"]
[EventRounds "11"]
[EventCountry "HUN"]
[SourceTitle "EXT 2016"]
[Source "ChessBase"]
[SourceDate "2015.10.08"]
[SourceVersion "1"]
[SourceVersionDate "2015.10.08"]
[SourceQuality "1"]
[WhiteTeam "Szentes"]
[BlackTeam "Bekes"]
[WhiteTeamCountry "HUN"]
[BlackTeamCountry "HUN"]

1. c4 e5 2. Nc3 Nc6 3. g3 g6 4. Bg2 Bg7 5. e4 Nge7 6. Nge2 0-0 7. 0-0 d6 8. d3 Be6 9. Nd5 f5 10. Be3 Qd7 11. Qd2 Rf7 12. f4 fxe4 13. dxe4 Raf8 14. Rf2 Bg4 15. Raf1 b6 16. Nxe7+ 1/2-1/2

[Event "HUN-chT2 Toth 1415"]
[Site "Hungary"]
[Date "2014.11.30"]
[Round "5.1"]
[White "Nagy, Sandor"]
[Black "Volosin, Vladimir"]
[Result "0-1"]
[WhiteElo "2124"]
[BlackElo "2256"]
[PlyCount "96"]
[EventDate "2014.09.07"]
[EventType "team-tourn"]
[EventRounds "11"]
[EventCountry "HUN"]
[SourceTitle "EXT 2016"]
[Source "ChessBase"]
[SourceDate "2015.10.08"]
[SourceVersion "1"]
[SourceVersionDate "2015.10.08"]
[SourceQuality "1"]
[WhiteTeam "Gyula"]
[BlackTeam "Szentes"]
[WhiteTeamCountry "HUN"]
[BlackTeamCountry "HUN"]

1. d4 Nf6 2. Nf3 e6 3. c4 Bb4+ 4. Bd2 c5 5. Bxb4 cxb4 6. a3 bxa3 7. Rxa3 0-0 8. Nc3 d5 9. e3 Nc6 10. Bd3 Nb4 11. 0-0 b6 12. Na2 Nxd3 13. Qxd3 dxc4 14. Qxc4 Bb7 15. Rc1 Rc8 16. Qe2 Rxc1+ 17. Nxc1 Qa8 18. Na2 Rc8 19. Rc3 Nd5 20. Rxc8+ Qxc8 21. Qd2 Qc4 22. Nc3 Ba6 23. h3 Nb4 24. Ne5 Qf1+ 25. Kh2 f6 26. Ne4 Qb5 27. Nd6 Qd5 28. Qxb4 fxe5 29. dxe5 Qxe5+ 30. Qf4 Qxf4+ 31. exf4 Kf8 32. Ne4 Ke7 33. Kg3 Bb7 34. Kf3 a5 35. Ke3 Bxe4 36. Kxe4 Kd6 37. Kd4 b5 38. g4 g6 39. h4 a4 40. h5 gxh5 41. gxh5 h6 42. f3 Kc6 43. Ke5 b4 44. Kxe6 a3 45. bxa3 bxa3 46. Kf6 a2 47. Kg6 a1Q 48. Kxh6 Qh8+ 0-1

[Event "HUN-chT2 Toth 1314"]
[Site "Hungary"]
[Date "2014.02.16"]
[Round "7.1"]
[White "Volosin, Vladimir"]
[Black "Csala, Imre"]
[Result "1/2-1/2"]
[WhiteElo "2261"]
[BlackElo "2189"]
[PlyCount "33"]
[EventDate "2013.09.08"]
[EventType "team-tourn"]
[EventRounds "11"]
[EventCountry "HUN"]
[SourceTitle "EXT 2016"]
[Source "ChessBase"]
[SourceDate "2015.10.08"]
[SourceVersion "1"]
[SourceVersionDate "2015.10.08"]
[SourceQuality "1"]
[WhiteTeam "Szentes"]
[BlackTeam "Kecskemet Takisz"]
[WhiteTeamCountry "HUN"]
[BlackTeamCountry "HUN"]

1. c4 e6 2. Nc3 d5 3. cxd5 exd5 4. d4 c6 5. Nf3 Bf5 6. Bf4 Nf6 7. e3 Qb6 8. Qc1 Be7 9. Be2 a5 10. 0-0 Nbd7 11. Ne5 Nxe5 12. Bxe5 0-0 13. g3 Ne4 14. Nxe4 Bxe4 15. Qd2 a4 16. Bd3 Bxd3 17. Qxd3 1/2-1/2

[Event "HUN-chT2 Toth 1314"]
[Site "Hungary"]
[Date "2013.10.20"]
[Round "3.1"]
[White "Prorok, Marton"]
[Black "Volosin, Vladimir"]
[Result "1/2-1/2"]
[WhiteElo "2261"]
[BlackElo "2261"]
[PlyCount "28"]
[EventDate "2013.09.08"]
[EventType "team-tourn"]
[EventRounds "11"]
[EventCountry "HUN"]
[SourceTitle "EXT 2016"]
[Source "ChessBase"]
[SourceDate "2015.10.08"]
[SourceVersion "1"]
[SourceVersionDate "2015.10.08"]
[SourceQuality "1"]
[WhiteTeam "Abony"]
[BlackTeam "Szentes"]
[WhiteTeamCountry "HUN"]
[BlackTeamCountry "HUN"]

1. e4 c6 2. f4 d5 3. Nf3 Bg4 4. Nc3 e6 5. h3 Bxf3 6. Qxf3 dxe4 7. Nxe4 Nf6 8. b3 Nxe4 9. Qxe4 Qh4+ 10. Kd1 Bd6 11. Bb2 Qxf4 12. Qxf4 Bxf4 13. Bxg7 Rg8 14. Bc3 Nd7 1/2-1/2

[Event "HUN-chT2 Toth 1213"]
[Site "Hungary"]
[Date "2013.03.24"]
[Round "9.1"]
[White "Volosin, Vladimir"]
[Black "Fekete, Albert"]
[Result "1/2-1/2"]
[WhiteElo "2296"]
[BlackElo "2270"]
[PlyCount "21"]
[EventDate "2012.09.16"]
[EventType "team-tourn"]
[EventRounds "11"]
[EventCountry "HUN"]
[SourceTitle "EXT 2014"]
[Source "ChessBase"]
[SourceDate "2013.11.20"]
[SourceVersion "1"]
[SourceVersionDate "2013.11.20"]
[SourceQuality "1"]
[WhiteTeam "Felegyhaza Csongrad"]
[BlackTeam "Mezobereny"]
[WhiteTeamCountry "HUN"]
[BlackTeamCountry "HUN"]

1. c4 c5 2. Nc3 Nc6 3. e4 g6 4. g3 Bg7 5. Bg2 d6 6. d3 e5 7. Nge2 Be6 8. 0-0 Qd7 9. Nd5 h5 10. h4 f6 11. f4 1/2-1/2

[Event "HUN-chT2 Toth 1213"]
[Site "Hungary"]
[Date "2013.02.17"]
[Round "7.1"]
[White "Simonyi, Zoltan"]
[Black "Volosin, Vladimir"]
[Result "1/2-1/2"]
[WhiteElo "2212"]
[BlackElo "2296"]
[PlyCount "32"]
[EventDate "2012.09.16"]
[EventType "team-tourn"]
[EventRounds "11"]
[EventCountry "HUN"]
[SourceTitle "EXT 2014"]
[Source "ChessBase"]
[SourceDate "2013.11.20"]
[SourceVersion "1"]
[SourceVersionDate "2013.11.20"]
[SourceQuality "1"]
[WhiteTeam "Ujszasz"]
[BlackTeam "Felegyhaza Csongrad"]
[WhiteTeamCountry "HUN"]
[BlackTeamCountry "HUN"]

1. e4 c6 2. d4 d5 3. Nc3 dxe4 4. Nxe4 Nd7 5. Ng5 h6 6. Ne6 Qb6 7. Nxf8 Nxf8 8. Nf3 Bg4 9. Be2 Rd8 10. c3 Nf6 11. Ne5 Bxe2 12. Qxe2 N8d7 13. 0-0 0-0 14. Re1 Rfe8 15. Bf4 c5 16. Rad1 cxd4 1/2-1/2

[Event "HUN-chT 1011"]
[Site "Hungary"]
[Date "2010.11.07"]
[Round "2"]
[White "Turzo, Attila"]
[Black "Volosin, Vladimir"]
[Result "0-1"]
[WhiteElo "2331"]
[BlackElo "2286"]
[PlyCount "80"]
[EventDate "2010.10.10"]
[EventType "team-tourn"]
[EventRounds "11"]
[EventCountry "HUN"]
[SourceTitle "EXT 2012"]
[Source "ChessBase"]
[SourceDate "2011.11.24"]
[SourceVersion "1"]
[SourceVersionDate "2011.11.24"]
[SourceQuality "1"]
[WhiteTeam "Honved"]
[BlackTeam "Mako"]
[WhiteTeamCountry "HUN"]
[BlackTeamCountry "HUN"]

1. e4 c6 2. d4 d5 3. exd5 cxd5 4. Bd3 Nc6 5. c3 Nf6 6. Bf4 Bg4 7. Qb3 Qc8 8. Nd2 e6 9. Ngf3 Be7 10. 0-0 0-0 11. Qc2 Bh5 12. Ne5 Bg6 13. Nxg6 hxg6 14. Nf3 Nh5 15. Be3 Bd6 16. g3 Rb8 17. Qe2 a6 18. c4 dxc4 19. Bxc4 b5 20. Bd3 Nb4 21. Rac1 Qb7 22. Bb1 Nf6 23. Ne5 Nbd5 24. Bg5 Rfe8 25. Rfe1 Rbc8 26. Rxc8 Qxc8 27. Qf3 Qa8 28. h4 Ne7 29. Be4 Nxe4 30. Qxf7+ Kh7 31. Bxe7 Bxe5 32. dxe5 Nd2 33. Re3 Rc8 34. f3 Qa7 35. Kf2 Nc4 36. h5 Qxe3+ 37. Kg2 Nxe5 38. hxg6+ Nxg6 39. Bf6 Rc2+ 40. Kh3 Qh6+ 0-1

[Event "HUN-chT 0910"]
[Site "Hungary"]
[Date "2010.04.11"]
[Round "9"]
[White "Prohaszka, Peter"]
[Black "Volosin, Vladimir"]
[Result "1-0"]
[WhiteElo "2510"]
[BlackElo "2280"]
[PlyCount "56"]
[EventDate "2009.11.08"]
[EventType "team-tourn"]
[EventRounds "11"]
[EventCountry "HUN"]
[SourceTitle "EXT 2011"]
[Source "ChessBase"]
[SourceDate "2010.11.26"]
[SourceVersion "1"]
[SourceVersionDate "2010.11.26"]
[SourceQuality "1"]
[WhiteTeam "Aquaprofit"]
[BlackTeam "Mako"]
[WhiteTeamCountry "HUN"]
[BlackTeamCountry "HUN"]

1. d4 Nf6 2. c4 c5 3. d5 e5 4. Nc3 d6 5. e4 Be7 6. g3 0-0 7. Bg2 Ne8 8. Nge2 f5 9. 0-0 fxe4 10. Nxe4 Bf5 11. N2c3 Nd7 12. f4 h6 13. Qe2 exf4 14. Bxf4 g5 15. Bd2 Ng7 16. g4 Bg6 17. Rxf8+ Bxf8 18. Rf1 Qe7 19. h4 gxh4 20. g5 Re8 21. Nf6+ Qxf6 22. gxf6 Rxe2 23. Nxe2 Nh5 24. Nf4 Nxf4 25. Rxf4 Kf7 26. Bc3 Ne5 27. Bh3 Bb1 28. Be6+ Kg6 1-0

[Event "HUN-chT 0910"]
[Site "Hungary"]
[Date "2010.01.31"]
[Round "5"]
[White "Deak, Sandor"]
[Black "Volosin, Vladimir"]
[Result "0-1"]
[WhiteElo "2313"]
[BlackElo "2280"]
[PlyCount "62"]
[EventDate "2009.11.08"]
[EventType "team-tourn"]
[EventRounds "11"]
[EventCountry "HUN"]
[SourceTitle "EXT 2011"]
[Source "ChessBase"]
[SourceDate "2010.11.26"]
[SourceVersion "1"]
[SourceVersionDate "2010.11.26"]
[SourceQuality "1"]
[WhiteTeam "Kazincbarcika"]
[BlackTeam "Mako"]
[WhiteTeamCountry "HUN"]
[BlackTeamCountry "HUN"]

1. d4 Nf6 2. c4 g6 3. Nc3 d5 4. cxd5 Nxd5 5. e4 Nxc3 6. bxc3 Bg7 7. Bc4 0-0 8. Ne2 c5 9. 0-0 Nc6 10. Be3 cxd4 11. cxd4 Bg4 12. f3 Na5 13. Bd3 Be6 14. d5 Bxa1 15. Qxa1 f6 16. Rd1 Bf7 17. f4 b6 18. Ba6 Qd7 19. Nc3 Rad8 20. h3 Qc7 21. Nb5 Qb8 22. Rc1 Rd7 23. Qb2 Nb7 24. Qf2 Nd6 25. Nc3 Rc7 26. Qe2 Rd8 27. g4 Rxc3 28. Rxc3 Nxe4 29. Rd3 Rxd5 30. Bc1 Rxd3 31. Bxd3 Nc5 0-1

[Event "HUN-chT 0809"]
[Site "Hungary"]
[Date "2009.04.05"]
[Round "10"]
[White "Csiszar, Csaba"]
[Black "Volosin, Vladimir"]
[Result "1/2-1/2"]
[WhiteElo "2437"]
[BlackElo "2278"]
[PlyCount "38"]
[EventDate "2008.10.26"]
[EventType "team-tourn"]
[EventRounds "11"]
[EventCountry "HUN"]
[SourceTitle "EXT 2010"]
[Source "ChessBase"]
[SourceDate "2010.11.25"]
[SourceVersion "1"]
[SourceVersionDate "2010.11.25"]
[SourceQuality "1"]
[WhiteTeam "Csuti"]
[BlackTeam "Mako"]
[WhiteTeamCountry "HUN"]
[BlackTeamCountry "HUN"]

1. d4 Nf6 2. c4 e6 3. Nf3 Bb4+ 4. Nbd2 d5 5. a3 Be7 6. e3 0-0 7. Qc2 b6 8. Bd3 Bb7 9. cxd5 exd5 10. b4 a5 11. b5 c5 12. bxc6 Nxc6 13. Rb1 Rb8 14. 0-0 Na7 15. Ne5 Qd6 16. Ra1 Rfc8 17. Qb1 a4 18. Bb2 Rc7 19. f3 b5 1/2-1/2

[Event "HUN-chT 0809"]
[Site "Hungary"]
[Date "2009.02.08"]
[Round "7"]
[White "Izsak, Gyula"]
[Black "Volosin, Vladimir"]
[Result "1-0"]
[WhiteElo "2434"]
[BlackElo "2278"]
[PlyCount "87"]
[EventDate "2008.10.26"]
[EventType "team-tourn"]
[EventRounds "11"]
[EventCountry "HUN"]
[SourceTitle "EXT 2010"]
[Source "ChessBase"]
[SourceDate "2010.11.25"]
[SourceVersion "1"]
[SourceVersionDate "2010.11.25"]
[SourceQuality "1"]
[WhiteTeam "MLTC"]
[BlackTeam "Mako"]
[WhiteTeamCountry "HUN"]
[BlackTeamCountry "HUN"]

1. d4 Nf6 2. Nf3 e6 3. c4 d5 4. Nc3 Be7 5. Bg5 0-0 6. e3 Ne4 7. Bxe7 Qxe7 8. Qc2 Nxc3 9. Qxc3 a5 10. a3 c6 11. Bd3 Nd7 12. 0-0 a4 13. Rad1 Rd8 14. Rfe1 dxc4 15. Qxc4 Ra5 16. Qc3 Rh5 17. Be2 Nb6 18. Ne5 Rh6 19. g3 f6 20. Nd3 Qc7 21. Qa5 Bd7 22. Nc5 Ra8 23. Qb4 Bc8 24. e4 g5 25. Bg4 Kf7 26. Bf3 Bd7 27. Re3 Rg8 28. b3 g4 29. Bg2 Rg5 30. bxa4 Bc8 31. Rb3 Nd7 32. Nxb7 c5 33. Nxc5 Nxc5 34. Rc3 Rhh5 35. Rdc1 Qd7 36. Rxc5 Rxc5 37. Rxc5 Rxc5 38. Qxc5 Ba6 39. Qh5+ Kf8 40. Qh6+ Kg8 41. Qxf6 Be2 42. Qg5+ Kh8 43. Qd2 Bc4 44. Qb4 1-0

[Event "HUN-chT 0809"]
[Site "Hungary"]
[Date "2009.01.25"]
[Round "6"]
[White "Volosin, Vladimir"]
[Black "Taskovits, Istvan"]
[Result "1/2-1/2"]
[WhiteElo "2278"]
[BlackElo "2326"]
[PlyCount "23"]
[EventDate "2008.10.26"]
[EventType "team-tourn"]
[EventRounds "11"]
[EventCountry "HUN"]
[SourceTitle "EXT 2010"]
[Source "ChessBase"]
[SourceDate "2010.11.25"]
[SourceVersion "1"]
[SourceVersionDate "2010.11.25"]
[SourceQuality "1"]
[WhiteTeam "Mako"]
[BlackTeam "Decs"]
[WhiteTeamCountry "HUN"]
[BlackTeamCountry "HUN"]

1. c4 e6 2. Nc3 d5 3. e3 Nf6 4. Nf3 c5 5. d4 Nc6 6. cxd5 exd5 7. Bb5 Bd7 8. 0-0 a6 9. Be2 Be6 10. b3 b5 11. dxc5 Bxc5 12. Bb2 1/2-1/2

[Event "HUN-chT 0809"]
[Site "Hungary"]
[Date "2008.11.02"]
[Round "2"]
[White "Radnai, Adam"]
[Black "Volosin, Vladimir"]
[Result "1/2-1/2"]
[WhiteElo "2286"]
[BlackElo "2278"]
[PlyCount "131"]
[EventDate "2008.10.26"]
[EventType "team-tourn"]
[EventRounds "11"]
[EventCountry "HUN"]
[SourceTitle "CBM 127 Extra"]
[Source "ChessBase"]
[SourceDate "2009.01.08"]
[SourceVersion "2"]
[SourceVersionDate "2009.01.28"]
[SourceQuality "1"]
[WhiteTeam "BEAC"]
[BlackTeam "Mako"]
[WhiteTeamCountry "HUN"]
[BlackTeamCountry "HUN"]

1. e4 c6 2. Ne2 d5 3. e5 Bf5 4. Ng3 Bg6 5. h4 h5 6. e6 fxe6 7. d4 Qd6 8. Bd3 Bf7 9. 0-0 g6 10. Nd2 Nd7 11. f4 Nh6 12. Nf3 Nf5 13. Ne2 Bg7 14. c3 Nf6 15. Qb3 b6 16. a4 0-0 17. a5 c5 18. Qa3 cxd4 19. cxd4 Ne4 20. Rd1 bxa5 21. Qxa5 Qb6 22. Bxe4 dxe4 23. Ne5 Qxa5 24. Rxa5 Rfd8 25. g3 Rd5 26. Ra3 a5 27. Kf2 Rad8 28. Nc3 Rxd4 29. Rxd4 Rxd4 30. Rxa5 Be8 31. Ra8 Bxe5 32. fxe5 Kf7 33. Rb8 Bc6 34. Ne2 Rd3 35. Bf4 e3+ 36. Ke1 Bf3 37. Nc3 Nd4 38. Bh6 Nc2+ 39. Kf1 g5 40. Rf8+ Kg6 41. Rxf3 Kxh6 42. Rf7 gxh4 43. gxh4 Nd4 44. Rxe7 Rd2 45. Rd7 Rf2+ 46. Ke1 Nf3+ 47. Kd1 Rxb2 48. Rd3 Rd2+ 49. Rxd2 exd2 50. Ne2 Kg6 51. Nf4+ Kf5 52. Nxh5 Kxe5 53. Ng3 Kf4 54. Nf1 Nxh4 55. Nxd2 Ke3 56. Nc4+ Kd4 57. Na5 Kd3 58. Nc6 Nf3 59. Nb4+ Kc4 60. Nc6 Kc5 61. Nd8 e5 62. Nf7 e4 63. Ke2 Kd5 64. Ke3 Nd4 65. Ng5 Nf5+ 66. Kf4 1/2-1/2